00406nam a2200097Ia 4500008004100000100002600041245011900067260003900186650001500225856006800240160712s9999 xx 000 0 und d aLos Banos, Jessica A. cJessica A. Los Banos,aBanking Industry Structure and Economic Activities: A Regional Approach for the Philippines c2012bPhilippine Management Review xMANAGEMENT uhttp://journals.upd.edu.ph/index.php/pmr/issue/view/248/showToc